Complete the Song Title #5 - Statistics

General Stats
  • This quiz has been taken 36 times
  • The average score is 7 of 15
Answer Stats
Artist/Band Song % Correct
The Police Every Breath You {Take}
100%
The Chainsmokers Don't Let Me {Down}
85%
The Kid LAROI WITHOUT {YOU}
79%
The Cure Boys Don't {Cry}
76%
The Police Every Little Thing She Does Is {Magic}
50%
The Rolling Stones Start Me {Up}
50%
The Lumineers Stubborn {Love}
47%
The Chainsmokers Who Do You {Love}
47%
The Lumineers Flowers in Your {Hair}
44%
The Cure Close to {Me}
38%
The Rolling Stones Beast Of {Burden}
32%
The Notorious B.I.G. Big {Poppa}
21%
The Cure Just like {Heaven}
21%
The Notorious B.I.G. Suicidal {Thoughts}
21%
The Kid LAROI SO {DONE}
6%
No matching quizzes found
Score Distribution
Percent of People with Each Score
Percentile by Number Answered
Your Score History
You have not taken this quiz